• 首页
  • 本馆介绍
  • 公告通知
  • 最新文献
  • 馆藏检索
  • 电子资源
  • 读者导购
  • 参考咨询
  • 我的图书馆
  • 登录
  • 详细信息显示
  • 放入我的书架
  • 预约/预借图书
  • 作者相关作品
  • 分类相关作品
  • 丛书相关作品
  • 出版社相关作品

书目信息

  • 表格格式
  • 工作单格式
  • 卡片格式
题名:
繁星 春水
    
 
作者: 冰心 著
分册:  
出版信息: 郑州   河南文艺出版社  2016
页数: 202页
开本: 21cm
丛书名:
单 册:
中图分类: I226.1
科图分类:
主题词: 新诗--xin shi--诗集--中国--现代
电子资源:
ISBN: 978-7-5559-0385-7
000 00978nam0 22002531 450
001 1761028010
005 20170619171955.0
010    @a978-7-5559-0385-7@dCNY15.00
100    @a20160921d2016 em y0chiy50 ea
101 0  @achi
102    @aCN@b410000
105    @aa z 000gy
106    @ar
200 1  @a繁星 春水@9fan xing chun shui@dStar & spring water@f冰心著@zeng
210    @a郑州@c河南文艺出版社@d2016
215    @a202页@c照片@d21cm
300    @a名家经典 冰心现代文学经典
330    @a本书收录了冰心五十余首诗集以及七篇经典的文学作品。其经典篇目《繁星》《春水》,是冰心生活、感情、思想的自然酿造,是一曲赞颂母爱、童真、大自然与生命的温情之歌。其语言清新淡雅,行文短小却意味深长,内容丰富详实又情韵优雅,能给读者带来无穷的回味和启迪。
510 1  @aStar & spring water@zeng
606 0  @a新诗@9xin shi@x诗集@y中国@z现代
690    @aI226.1@v5
701  0 @a冰心@9bing xin@f(1900~1999)@4著
801  0 @aCN@b百万庄@c20170619
905    @b1013961-6@dI226.1@e100@f6
    
    繁星 春水=Star & spring water/冰心著.-郑州:河南文艺出版社,2016
    202页:照片;21cm
    名家经典 冰心现代文学经典
    
    ISBN 978-7-5559-0385-7:CNY15.00
    本书收录了冰心五十余首诗集以及七篇经典的文学作品。其经典篇目《繁星》《春水》,是冰心生活、感情、思想的自然酿造,是一曲赞颂母爱、童真、大自然与生命的温情之歌。其语言清新淡雅,行文短小却意味深长,内容丰富详实又情韵优雅,能给读者带来无穷的回味和启迪。
●
相关链接 在E读中查询图书 在五车中查询图书 在当当中查询图书 在豆瓣中查询图书


正题名:繁星 春水     索取号:I226.1/100         预约/预借

序号 登录号 条形码 馆藏地/架位号 状态 备注
1 1013961   210139615   第一样本阅览室/ [索取号:I226.1/100] 在馆    
2 1013962   210139624   教育系资料室/ [索取号:I226.1/100] 在馆    
3 1013963   210139633   教育系资料室/ [索取号:I226.1/100] 在馆    
4 1013964   210139642   教育系资料室/ [索取号:I226.1/100] 在馆    
5 1013965   210139651   第二借阅区/ [索取号:I226.1/100] 在馆    
6 1013966   210139660   第二借阅区/ [索取号:I226.1/100] 在馆    
唐山师范学院图书馆 欢迎您!
大连网信软件有限公司© 版权所有